Т. 1 : Самородные элементы. Интерметаллические соединения. Карбиды, нитриды, фосфиды. Арсениды, антимониды. Висмутиды. Сульфиды. Селениды. Теллуриды; Минералы

Bibliografiset tiedot
Parent link:Минералы: справочник: в 7-ми т./ Институт геологии рудных месторождений, петрографии, минералогии и геохимии; Под ред. Ф. В. Чухрова, Э. М. Бонштедт-Куплетской. Т. 1 : Самородные элементы. Интерметаллические соединения. Карбиды, нитриды, фосфиды. Арсениды, антимониды. Висмутиды. Сульфиды. Селениды. Теллуриды.— , 1960-
Kieli:venäjä
Julkaistu: 1960
Aiheet:
Aineistotyyppi: Kirja
KOHA link:https://koha.lib.tpu.ru/cgi-bin/koha/opac-detail.pl?biblionumber=72800

MARC

LEADER 00000nam2a2200000 4500
001 72800
005 20231101212651.0
035 |a (RuTPU)RU\TPU\book\77632 
090 |a 72800 
100 |a 20050201d1960 m y0rusy50 ca 
101 0 |a rus 
102 |a RU 
105 |a a g 001zy 
200 0 |a Т. 1 : Самородные элементы. Интерметаллические соединения. Карбиды, нитриды, фосфиды. Арсениды, антимониды. Висмутиды. Сульфиды. Селениды. Теллуриды 
210 |d 1960 
215 |a 617 с.  |c ил. 
320 |a Библиогр. в конце разделов 
320 |a Указ. минералов : с. 597 - 616 
461 1 |0 (RuTPU)RU\TPU\book\77631  |t Минералы  |o справочник: в 7-ми т.  |f Институт геологии рудных месторождений, петрографии, минералогии и геохимии; Под ред. Ф. В. Чухрова, Э. М. Бонштедт-Куплетской  |v Т. 1 : Самородные элементы. Интерметаллические соединения. Карбиды, нитриды, фосфиды. Арсениды, антимониды. Висмутиды. Сульфиды. Селениды. Теллуриды  |d 1960- 
606 1 |a Минералы  |2 stltpush  |3 (RuTPU)RU\TPU\subj\80582  |9 88223 
610 1 |a справочники 
610 1 |a соединения 
610 1 |a карбиды 
610 1 |a нитриды 
610 1 |a фосфиды 
610 1 |a арсениды 
610 1 |a антимониды 
610 1 |a висмутиды 
610 1 |a сульфиды 
610 1 |a селениды 
610 1 |a теллуриды 
675 |a 549(035)  |v 3 
801 1 |a RU  |b 63413507  |c 20050201  |g PSBO 
801 2 |a RU  |b 63413507  |c 20221116  |g PSBO 
942 |c BK